| 000 | 00593nam a2200241 a 4500 | ||
|---|---|---|---|
| 001 | nice12345678 | ||
| 003 | IN_TiNIC | ||
| 005 | 20260116011456.0 | ||
| 008 | 050524s1944 laha grp 000 0 eng | ||
| 020 |
_a _c100 |
||
| 082 | 0 | 0 |
_a954.91 _bDUR |
| 100 | _aDurrani, F K Khan | ||
| 245 | _aMeaning of Pakistan | ||
| 260 |
_aLahore _bSh. Muhammad Ashraf _c1944 |
||
| 300 | _a227p | ||
| 500 | _aincludes index and biblioraphy | ||
| 505 | 2 | _aSelect Bibliography Table of Dates | |
| 650 | _aPakistan | ||
| 700 | 1 | _aDurrani, F K Khan | |
| 902 | _bSRS | ||
| 942 | _cBK | ||
| 999 |
_c1868 _d1868 |
||